000 01914nam0a2200361 4500
001 RU\NLR\bibl\1419737
005 20260405123050.0
010 _a978-5-89016-415-5
_9500
021 _aRU
_b2009-60631
_93738
035 _a(nilc)RSL-KNO-004362110
035 _a(NLR Aleph) 001411688
090 _a1286579
_c1286579
100 _a20090717d2009 |||y0rusy50 ca
101 0 _arus
_eeng
102 _aRU
105 _aa |||||||||
200 1 _aРегиональные рынки труда: сравнительный анализ
_dRegional labor markets: comparative analysis
_eмонография
_fЛ.Ф. Голубева
_gФедер. агентство по образованию, Гос. образоват. учреждение высш. проф. образования "Тамб. гос. ун-т им. Г.Р. Державина"
_zeng
210 _aТамбов
_cГОУ ВПО "Тамбовский государственный университет"
_d2009
215 _a238 с.
_cил.
_d21
300 _aАвт. также на англ. яз.: L.F. Golubeva
320 _aБиблиогр.: с. 231-238 (106 назв.)
510 0 _6z77790
_aRegional labor markets: comparative analysis
_zeng
606 1 _aРынок труда
_xРегиональный аспект
_yРоссийская Федерация
_92286000
_3RU\NLR\auth\661369333
610 0 _aмолодежь на рынке труда
686 _aУ9(2)240.5-452,0
_2rubbk
686 _aУ24(2)05
700 1 _4070
_8rus
_7ca
_aГолубева
_bЛ. Ф.
_cд-р экон. наук, канд. пед. наук
_gЛидия Филипповна
_3RU\NLR\auth\7748812
_931747
790 1 _4070
_8rus
_7ba
_aGolubeva
_bL. F.
_cд-р экон. наук
_gLidija Filippovna
_3RU\NLR\auth\7748814
_931749
801 0 _aRU
_bРКП
_c20090717
_grcr
801 1 _aRU
_bРГБ
_c20090717
801 2 _aRU
_bNLR
_c20091002
_grcr
942 _cBOOK
980 _aNB